1782 1974 1187 1642 1849 1389 1305 1529 1228 1507 1533 1320 1443 1626 1231 1455 1145 1765 1381 1989 1139 1870 1001 1354 1829 1736 1330 1273 1303 1384 1413 1549 1268 1891 1720 1879 1256 1305 1148 1488 1520 1338 1281 1624 1511 1119 1847 1483 1982 1765 1252 1561 1392 1767 1525 1517 1479 1896 1466 1344 1527 1903 1130 1489 1759 1813 1897 1519 1240 1829 1540 1812 1200 1779 1226 1645 1586 1127 1933 1828 1870 1701 1014 1055 1504 1021 1230 1062 1540 1097 1964 1520 1289 1265 1262 1913 1734 1899 1833 BCNSPRNW ULIB Ver.6.0+V

เปลี่ยนเป็นภาษาไทย

Change to English
 แสดงรายละเอียดบรรณานุกรม
  กลับหน้าหลัก

Brief Record : Get Marc (ISO 2709) : E-mail record : QR code < ปิดหน้าต่าง
LEADER : 00000nam 2200000uu 4500
001    13399111771
003     ULIB
008    110627s2552||||th 000 0 tha d
020    9786160600694
090    นว.^bต113จ 2552
100 0  ต่งนี
245 00 จอมกษัตริย์ เจ้าสำราญ ชุด โอรสสวรรค์ร้อยเล่ห์/^cต่งนี
250    พิมพ์ครั้งที่ 1
260    กรุงเทพฯ :^bแจ่มใส,^c2552
300    223 หน้า
945    ^p159^l0^i026963
995    ทศพร
999 ^a ใช้งานได้ทุกระบบ
รายการนี้ยังไม่มีแท็ก
คุณยังไม่ได้ล็อกอิน คุณสามารถมีกิจกรรมร่วมกับเว็บไซต์ได้ แต่ต้องล็อกอินก่อน ::
  ล็อกอิน

รายการสื่อสารสนเทศ

ลำดับที่ ประเภท เลขเรียก/บาร์โค้ด สถานที่ สถานะ
- ไม่พบข้อมูล -

BibComment


ยังไม่เคยถูกคอมเมนท์

คอมเมนท์ทรัพยากรรายการนี้
  คอมเมนท์: จอมกษัตริย์ เจ้าส..


 Copyright 2026. Bcnsprnw @Library